00481nam a2200157Ia 4500003000900000008004100009020001800050040001600068080001500084100001600099245011800115260004400233300001500277650001900292650001200311IN-BaIIA211028s9999 xx 000 0 eng d a0-85498-036-9 cIIA Library a92:53bWEB aWeber, R. L 0aPioneers of sciencebnobel prize winners in physicscR. L. Weber  aBristonbThe Institute of Physicsc1980 avii, 272p. aNASA thesaurus aScience